[Event "Dos Hermanas"]
[Site "Dos Hermanas"]
[Date "1994.??.??"]
[Round "8"]
[White "Topalov, Veselin"]
[Black "Gulko, Boris F"]
[Result "1-0"]
[WhiteElo "2640"]
[BlackElo "2615"]
[Annotator "Hansen,Cu"]
[PlyCount "67"]
[EventDate "1994.04.??"]
[EventType "tourn"]
[EventRounds "9"]
[EventCountry "ESP"]
[EventCategory "16"]
[SourceTitle "CBM 041"]
[Source "ChessBase"]
[SourceDate "1994.08.01"]
[SourceVersion "1"]
[SourceVersionDate "1994.08.01"]
[SourceQuality "1"]

1. e4 {Knaak} e6 2. d4 d5 3. Nc3 Bb4 4. e5 c5 5. a3 Bxc3+ 6. bxc3 Ne7 7. Nf3 b6
8. Bb5+ Bd7 9. Bd3 Ba4 10. h4 (10. O-O Nbc6 (10... c4 11. Be2 h6 (11... Nbc6
12. Ng5 h6 13. Nh3 Kd7 14. Nf4 g6 15. Re1 Kc7 16. Bg4 $14 {Johansson,M-Kroll,O/
SWE-DEN/1990/}) 12. Re1 Nbc6 13. Nd2 Qd7 14. Nf1 O-O-O 15. Ng3 g6 $10 {Zadrima,
A-Antonsen,M/Forli open/1991/}) (10... Qc7 11. Ng5 h6 12. Nh3 Nd7 13. Nf4 (13.
Be3 Qc6 14. Rb1 a6 15. Rb2 Bb5 16. dxc5 bxc5 17. Qb1 O-O 18. Bxb5 axb5 19. Rxb5
Rxa3 $17 {Nijboer,F-Brenninkmeijer,J/NLD-ch/1992/}) 13... O-O-O $13 {Stepanov,
P-Shtirenkov,V/Budapest/1991/}) 11. Re1 Qd7 12. dxc5 bxc5 13. Be3 c4 14. Bf1
Rb8 $10 {Wedberg,T-Short,N/Dortmund/1983/}) (10. dxc5 bxc5 11. O-O c4 12. Be2
Ng6 13. Ng5 Nxe5 14. f4 $40 {Nunn,J-Nikolic,P/Beograd/1991/}) 10... h6 11. h5
Qc7 (11... Nbc6 12. Rh4 (12. g3 Rc8 13. Be3 Na5 14. O-O Qd7 15. Nh4 Bb5 16. Qg4
$14 {Dolmatov,S-Dokhoian,Y/Irkutsk/1986/}) 12... c4 13. Bf1 (13. Be2 Kd7 14.
Be3 Qg8 15. Qd2 Qh7 16. Rc1 Kc7 17. Rf4 Raf8 18. Nh4 Nd8 19. Bg4 Kb7 $10 {
Sokolov,A-Yusupov,A/Riga (m)/1986}) 13... Kd7 14. Rf4 Qg8 15. g3 Qh7 16. Ra2 g5
17. hxg6 fxg6 18. Nh2 $14 {Mortensen,E-Sorensen,J/Aarhus/1993/}) (11... c4 12.
Be2 (12. Bf1 Nbc6 13. g3 Kd7 14. Bh3 Qg8 15. O-O Qh7 16. Ra2 $14 {Anand,
V-Quillan,G/Prestwich/1990/}) 12... Kd7 13. Nh4 (13. O-O Qg8 14. g3 Qh7 15. Ra2
Na6 16. Nh4 Raf8 $10 {Dolmatov,S-Hansen,LB/Polanica Zdroj/1993/}) 13... Qg8 14.
Bg4 Qh7 15. Ra2 Na6 16. Rh3 Nc7 17. Kf1 Raf8 $15 {Georgiev,Ki-Yusupov,A/Las
Palmas/1993/}) 12. O-O (12. Bf4 Nd7 13. Qd2 O-O-O 14. O-O Kb7 $13 {Bologan,
V-Hertneck,G/BL/1994/}) (12. g3 cxd4 13. cxd4 Qc3+ 14. Bd2 Qxd3 15. cxd3 Bxd1
16. Kxd1 Nbc6 $15 {Lau,R-Hansen,LB/Copenhagen Chess Cup/1992/}) (12. Rb1 $5 {
Knaak} Nd7 13. Rh4 cxd4 14. cxd4 Rc8 15. Rb2 Qc3+ 16. Kf1 f5 17. exf6 Nxf6 18.
Qe2 Ne4 $13 {Yudasin,L-Casper,T/Leipzig/1986/}) 12... Nd7 (12... c4 13. Be2
Nbc6 (13... Nd7 14. g3 O-O-O 15. Nh4 Kb7 16. Bg4 Qc6 17. Re1 Rdg8 $13 {
Tischbierek,R-Kindermann,S/BW/1992/}) 14. g3 (14. Re1 O-O-O 15. Bf1 Rdg8 16.
Nh2 Kb7 $10 {Kuczynski,R-Hansen,LB/Groningen open/1988/}) 14... O-O-O 15. Nh4
Rdg8 16. Bg4 $14 {Ehlvest,J-Yusupov,A/USSR/1988/}) (12... Nbc6 13. Rb1 (13. Re1
c4 14. Bf1 O-O-O 15. Nh2 $14 {Spassky,B-Short,N/London/1982/}) 13... c4 14. Be2
O-O-O 15. Nh4 f6 16. exf6 gxf6 17. Bg4 $14 {Gavilanes,A-Pecorelli Garcia,H/
Cuba ch/1989/}) 13. Re1 (13. Bd2 O-O-O (13... a6 $5 {Knaak}) 14. Qb1 Nc6 15.
Bb5 Bxb5 16. Qxb5 Na5 $15 {Pliester,L-Kindermann,S/Aruba/1992/}) 13... Qc6 {
/\Bb5} (13... O-O-O 14. Nh4 Kb7 15. Ra2 Qc6 $13 {Dolmatov,S-Nikolic,P/Moscow
GMA/1990/} (15... Qc6 {Knaak} 16. Qg4 Rdg8 17. Rb2 g5 18. Nf3 c4 19. Bf1 Rf8
$13 {Dolmatov,S-Nikolic,P/Moscow/1990/})) 14. Rb1 a6 {/\Bb5} 15. Nd2 cxd4 (
15... Bb5 16. c4 (16. Bxb5 axb5 17. Qe2 (17. Qg4 Nf5 $10) 17... Ra5 18. Nb3 Ra4
$10) 16... dxc4 17. Be4 (17. Nxc4 {Knaak} Bxc4 18. Bxc4 cxd4 19. Qxd4 Nf5 $13)
(17. Bxc4 Bxc4 $5 (17... cxd4 18. Bxb5 axb5 19. Nf3 $14) 18. Nxc4 Nf5 19. dxc5
Qxc5 $13) 17... Nd5 18. a4 Bxa4 19. Nxc4 $40) 16. cxd4 Bb5 17. Rxb5 $1 (17.
Bxb5 axb5 18. Qe2 Qxc2 19. Rxb5 O-O $10) 17... axb5 18. Qe2 Ra4 (18... Qc3 19.
Nb3 Rc8 (19... Nc6 20. Bd2 Qb2 21. Qg4 $40 Qxa3 22. Bxb5 Ncb8 23. Ra1 Qxa1+ 24.
Nxa1 Rxa1+ 25. Kh2 Kf8 26. Bb4+ Kg8 27. Qh4 $18) 20. Bd2 Qb2 {Bulletin} 21. Bb4
$1 {CH} Nc6 22. Bd6 (22. Qg4 $5 Nxb4 23. axb4 (23. Qxg7 $2 Nxd3 $19) 23... O-O
24. Re3 $40) 22... Nxd4 $6 (22... Na5 23. Qg4 Rg8 24. Nxa5 bxa5 25. Bh7 $18)
23. Qg4 {Knaak} Nxc2 24. Qxg7 Rf8 25. Bxb5 Kd8 26. Bxf8 $18) (18... b4 $6 {
Knaak} 19. axb4 Qc3 20. Nb3 $1 Qxb4 21. Bd2 $44) (18... Nc8 $6 {Knaak} 19. Qg4
O-O 20. Re3 f5 (20... Kh8 21. Rg3 Rg8 22. Ne4 $40) 21. exf6 Rxf6 22. Rg3 Rf7
23. Qg6 $40) (18... O-O $1 {Knaak} 19. Bxb5 Qc7 $10) 19. Nb3 (19. Bxb5 Qxc2 {
Knaak} 20. Bxa4 Qxa4 $17) 19... Rc4 20. Bd2 Nf5 (20... O-O 21. Bb4 Re8 22. c3
$14 {/\Nd2}) 21. Bb4 {>< Ke8, >< Rh8, /\ c2-c3, Nd2xc4} Nxd4 22. Nxd4 Rxd4 23.
Bxb5 Qc8 {/\Re4} 24. Rd1 Rxb4 $6 (24... Rxd1+ 25. Qxd1 Qc7 (25... f5 {Knaak}
26. exf6 gxf6 27. Qg4 $18) 26. c3 {/\Qa4} (26. f4 Kd8 $13) 26... Kd8 $13) 25.
axb4 Qc3 (25... O-O 26. c4 $16) 26. Qg4 Qxe5 27. c4 f5 28. Qg6+ Ke7 29. cxd5
exd5 30. Bxd7 Kxd7 31. Qf7+ Kc8 (31... Kc6 32. b5+ Kc5 33. Qd7 $16) 32. Qa7 $18
Re8 33. Rc1+ Kd8 34. Qb7 1-0

[Event "Alcobendas m"]
[Site "Alcobendas"]
[Date "1994.??.??"]
[Round "1"]
[White "Topalov, Veselin"]
[Black "Illescas Cordoba, Miguel"]
[Result "1-0"]
[WhiteElo "2645"]
[BlackElo "2590"]
[Annotator "Horvath,Ta"]
[PlyCount "59"]
[EventDate "1994.11.??"]
[EventType "match"]
[EventRounds "6"]
[EventCountry "ESP"]
[SourceTitle "CBM 045"]
[Source "ChessBase"]
[SourceDate "1995.04.01"]
[SourceVersion "1"]
[SourceVersionDate "1995.04.01"]
[SourceQuality "1"]

1. e4 c5 2. Nf3 Nc6 3. d4 cxd4 4. Nxd4 Nf6 5. Nc3 e5 6. Ndb5 d6 7. Bg5 a6 8.
Na3 b5 9. Bxf6 gxf6 10. Nd5 Bg7 11. c3 f5 12. exf5 Bxf5 13. Nc2 O-O (13... Be6
14. Nce3 Ne7 15. g3 Nxd5 16. Nxd5 O-O 17. Bg2 a5 18. O-O Rb8 (18... f5 19. Qh5
Ra7 $5 {Hellers-Krasenkov/Malmo/1994}) 19. Ne3 $5 Qd7 20. Qh5 f5 21. Bd5 f4 $2
(21... Kh8 $142) 22. Qg4 $1 Rbe8 23. Nf5 Rf6 24. Bc6 $18 {Luther-Arakhamia/
Hastings/1994}) 14. Nce3 Be6 15. Bd3 f5 16. Bc2 b4 17. O-O bxc3 18. bxc3 Kh8 $2
(18... Qa5 $1 $13) 19. Qh5 e4 20. f3 Qa5 21. fxe4 Bxc3 (21... Qc5 22. Kh1 $1 (
22. exf5 $2 Bxd5 23. f6 Qxe3+ 24. Kh1 Bh6 25. Qxd5 Qc5 26. Qe4 Ra7 $17)) 22.
Rab1 Bg7 (22... Qc5 23. Rb7 Bg8 24. Kh1 $1 (24. exf5 $2 Bd4 25. f6 (25. Rf3
Qxd5) 25... Bxe3+ 26. Nxe3 Qxe3+ 27. Kh1 Ra7 $19 28. Bxh7 (28. f7 Rxf7) 28...
Rxb7) 24... Bd4 25. Rf3 $18) 23. exf5 Bg8 24. f6 Bxf6 25. Rxf6 Rxf6 26. Nxf6
Qxh5 27. Nxh5 Bxa2 28. Rb7 Ra7 29. Rb6 Bf7 30. Rxc6 1-0

[Event "Pamplona 9495 5th"]
[Site "Pamplona"]
[Date "1994.??.??"]
[Round "?"]
[White "Kortschnoj, Viktor Lvovich"]
[Black "Topalov, Veselin"]
[Result "0-1"]
[WhiteElo "2635"]
[BlackElo "2630"]
[Annotator "Dautov,R"]
[PlyCount "124"]
[EventDate "1994.12.??"]
[EventType "tourn"]
[EventRounds "9"]
[EventCountry "ESP"]
[EventCategory "13"]
[SourceTitle "CBM 046"]
[Source "ChessBase"]
[SourceDate "1995.06.01"]
[SourceVersion "1"]
[SourceVersionDate "1995.06.01"]
[SourceQuality "1"]

1. c4 {EndgameCD Hecht} Nf6 2. Nc3 c5 3. g3 g6 4. Nf3 Bg7 5. d4 O-O 6. Bg2 d6
7. O-O Nc6 8. d5 Na5 9. Nd2 a6 10. Qc2 e6 11. b3 (11. dxe6 $5 Bxe6 12. b3 Rb8 (
12... Qd7 13. Bb2 Nc6 14. Nce4 $14) 13. Bb2 b5 14. cxb5 axb5 15. Rad1 $14 {ECO}
) 11... exd5 12. cxd5 b5 13. Bb2 Re8 14. Rae1 (14. e4 Bd7 (14... Ra7 15. Nd1
Nh5 16. Ne3 Rae7 17. a4 Bd4 18. axb5 axb5 19. b4 Nb7 20. Bxd4 cxd4 21. Nd1 f5
22. Qd3 fxe4 23. Qxd4 $16 {Filip,M-Bilek,I/Lugano 1968}) 15. h3 Rc8 16. Kh2 h5
(16... Re5 $5 {/\ Rh5|^>>}) 17. Rae1 Qc7 18. Nd1 h4 19. g4 c4 20. b4 c3 $1 21.
Bxc3 Nc4 $44 {Shirov,A-Cseshkovsky,V/Moskva (GMA) 1989}) 14... Bd7 15. Nce4 $1
Nxe4 16. Nxe4 Nb7 (16... Bf5 $2 17. Bxg7 Kxg7 (17... Bxe4 18. Qb2 $16) 18. Qc3+
f6 19. Nxf6 Qxf6 20. Qxa5 $16) 17. Bxg7 Kxg7 18. Qb2+ f6 19. f4 $14 Qe7 {
/\Bf5,><e3} 20. e3 Rac8 21. Nd2 c4 (21... Nd8 $5 22. e4 Nf7 (22... c4 $2 23.
bxc4 bxc4 24. Qc3 $16) 23. Re3 $14 {/\Rfe1,Nf3,e5}) 22. bxc4 Nc5 23. Qd4 bxc4
24. Nxc4 Bb5 25. Rf2 Nd3 (25... Ne6 26. dxe6 Rxc4 $1 (26... Bxc4 27. Rb2 Bxe6 (
27... Qxe6 28. Rb7+ Kg8 (28... Re7 29. Bh3 $18) 29. Qa7 $18) 28. Rb6 Rc2 29. a3
Ra2 30. Bc6 Rc8 31. Rxa6 $16) 27. Qd2 (27. Qb6 Qxe6 28. Rd2 $14) 27... Bc6 28.
Bh3 (28. Bf1 Rc5 29. Bxa6 Qxe6 30. Bf1 $14) 28... Be4 29. Qb2 $14) 26. Qxd3
Rxc4 27. Qd2 $16 Rec8 28. e4 (28. Qb2 Rc3 29. e4 Qa7 30. Kh1 Bd3 $44) (28. Bh3
$5 R8c5 29. Be6 Qc7 30. g4 Rc2 31. Qd4 Rxf2 32. Kxf2 Rc2+ 33. Kg3 $16 {/\g5})
28... Qa7 $1 {/^a7-g1} 29. Kh1 Ba4 30. Bh3 (30. Rfe2 Rc2 31. Qb4 Rxe2 32. Rxe2
Rc1+ 33. Re1 Qe3 34. Rf1 Bb5 $19) (30. Qe3 $1 Qxe3 31. Rxe3 Rc1+ 32. Bf1 Bc2
33. Kg2 Re8 34. Rfe2 $16 (34. Kf3 $2 Bxe4+ 35. Rxe4 Rc3+)) 30... R8c7 31. Qe3
$2 (31. Rfe2 Rc2 32. Qe3 Qxe3 33. Rxe3 Rxa2 $10) 31... Rxe4 $1 32. Qxe4 Qxf2
33. Qe2 (33. Qe6 Bd1 $1 34. Bg2 Bg4 35. Qe4 Rc2 $15) 33... Qxe2 34. Rxe2 Bb5
$17 35. Re1 (35. Rf2 Rc1+ 36. Kg2 Bc4 37. Be6 Ra1 $17) 35... Bc4 36. Kg1 Bxa2
37. Re6 Bxd5 38. Rxd6 Bc4 {/\Ra7} 39. Bf1 Bxf1 40. Kxf1 Ra7 $19 {Die Türme
gehören hinter die Freibauern (Tarrasch).} 41. Rd4 a5 42. Ra4 Kf7 43. Ke2 Ke6
44. Kd3 h5 45. h3 Kd5 46. g4 hxg4 47. hxg4 Kc5 48. Kc3 Kb5 49. Re4 {Nun soll
der Kc3 anstelle des R den schwarzen a-Freibauern blockieren. Jetzt mangelt es
aber den weissen Bauern an Schutz.} a4 50. Kb2 a3+ 51. Ka2 Ra4 52. Re6 Rxf4 53.
g5 fxg5 54. Re5+ (54. Rxg6 {Hecht} g4 55. Kxa3 Kc4 56. Kb2 Kd3 57. Kc1 Ke2 $19)
54... Kb4 55. Rxg5 Rf2+ 56. Kb1 Rf6 57. Rg4+ Kc3 58. Rg3+ (58. Ka2 {Hecht} Ra6
$19) 58... Kd2 59. Rxa3 g5 60. Rg3 Rb6+ 61. Ka2 Rg6 62. Rb3 g4 (62... g4 {
Endgame CD} 63. Rb2+ Ke3 64. Rb3+ Kf2 65. Rb2+ Kg1 66. Rb1+ Kh2 67. Rb2+ Kh3
68. Rb7 g3 69. Rh7+ Kg4 70. Rc7 g2 71. Rc1 Kh3 $19) 0-1

[Event "Olympiad-31"]
[Site "Moscow"]
[Date "1994.12.04"]
[Round "4.1"]
[White "Gelfand, Boris"]
[Black "Topalov, Veselin"]
[Result "0-1"]
[WhiteElo "2680"]
[BlackElo "2645"]
[Annotator "Gagarin,V"]
[PlyCount "120"]
[EventDate "1994.12.01"]
[EventType "team-swiss"]
[EventRounds "14"]
[EventCountry "RUS"]
[SourceTitle "CBM 045"]
[Source "ChessBase"]
[SourceDate "1995.04.01"]
[SourceVersion "1"]
[SourceVersionDate "1995.04.01"]
[SourceQuality "1"]
[WhiteTeam "Belarus"]
[BlackTeam "Bulgaria"]
[WhiteTeamCountry "BLR"]
[BlackTeamCountry "BUL"]

1. d4 {Hecht} Nf6 2. Nf3 e6 3. c4 c5 4. d5 d6 5. Nc3 exd5 6. cxd5 g6 7. h3 Bg7
8. e4 O-O 9. Bd3 b5 10. Nxb5 Re8 11. O-O Nxe4 12. Re1 a6 13. Na3 Nf6 14. Rxe8+
Nxe8 15. Bg5 Qc7 $1 (15... Bf6 16. Qd2 (16. Bxf6 $6 Nxf6 17. Nc4 Bb7 18. Ne3
Nbd7 19. Bc4 Nb6 20. b3 a5 $15) 16... Bb7 17. Re1 (17. Bc2 Nd7 18. Nc4 Bxg5 19.
Nxg5 Ndf6 20. Ne3 h6 21. Ne4 Nxe4 22. Bxe4 Qg5 23. g3 Nf6 24. Bg2 Re8 $10 {
Neverov,V-Berelovich,A/Sochi/1993/1:0/39/}) 17... Nd7 18. Be4 $1 Nb6 19. b3 $1
Bxg5 20. Nxg5 Nf6 21. Nc4 Nxc4 22. bxc4 $14 {Epishin,V-Topalov,V/Las Palmas/
1994/0,5/72/}) 16. Qd2 (16. Qe2 $5) (16. Qa4 $5 Nd7 17. Re1 Nef6 18. Qc6 Qb8
19. Nc4 Bb7 20. Qxd6 {Horvath,Cs-Hardiscay,P/HUN/1994/0,5/68/} Qxd6 21. Nxd6
Bxd5 22. b3 a5 23. Bc4 Bxc4 24. Nxc4 a4 $10 {Hardiscay/}) 16... Bb7 17. Re1 Nd7
18. Bc2 (18. Be4 Nef6 19. Nc4 Re8 $15) 18... Nef6 19. Bb3 Re8 $15 {>< d5/} 20.
Rxe8+ Nxe8 21. Nc4 Nef6 $1 (21... Ndf6 22. Bf4 Nh5 23. Qe3 Qd8 24. Bg5 Nhf6 25.
Ncd2 $14) 22. Bf4 Bf8 23. Ne3 $6 (23. Na5 $5 Ba8 $15 (23... Bxd5 $6 24. Bxd5
Nxd5 25. Qxd5 Qxa5 26. Bxd6 $10)) 23... Nb6 {>< d5/} 24. Qd3 Qd7 $1 {/\ Qb5/}
25. Bc4 Nxc4 26. Qxc4 Qb5 $1 {^^ ><d5/} 27. b3 Qb4 $1 {/\ Nd5/} 28. Bg5 $6 (28.
g4 $2 Nxd5 $1 29. Nxd5 Bxd5 30. Qxd5 Qxf4 $17) (28. Bg3 a5 $15) 28... Bg7 29.
a4 Ne4 30. Bd8 $2 {>< Bd8/} (30. Bf4 $15) 30... f5 $1 $17 31. g4 (31. Qxb4 cxb4
32. Ba5 Bc3 $17 {>< d5/}) 31... f4 $1 32. Nc2 Qxc4 33. bxc4 Bc8 $1 {>< a4/} 34.
a5 (34. Ba5 Bd7 $19) 34... h6 35. Kf1 Kf7 36. Ke2 Ke8 37. Bc7 Kd7 38. Bb6 Ke7
39. Nd2 Nc3+ 40. Kf3 g5 41. Ne4 Bd7 42. Nxc3 (42. Nd2 Ba4 $19) 42... Bxc3 43.
Ke2 {-+ Hecht: The very good 2B give Black the advantage. The weak Pc4 and the
very badly posted Bb6 give Black a winning position.} Bf6 44. Na3 Ba4 45. Nb1
Bc2 46. Nd2 $8 (46. Na3 Bg6 $19) 46... Bc3 $1 $19 47. Nf3 Bb4 48. Bc7 Kd7 49.
Bb6 Bb3 50. Kd3 Ke8 $1 51. Bc7 Ke7 $1 52. Bb6 Kd7 {(.)/} 53. Ng1 (53. Nd2 Bxd2
$19) (53. h4 Bd1 54. Ke4 Bc2#) 53... Be1 54. f3 (54. Ke2 Bc3 55. Kd3 Bd4 $19)
54... Ba2 $1 55. Ke2 (55. Ne2 Bb1#) 55... Bb4 56. Kd3 Bb1+ 57. Ke2 Bc3 $1 {(.)/
} 58. h4 $8 gxh4 59. Nh3 Be5 60. Nf2 Bg6 (60... Bg6 61. Nh3 h5 $19) 0-1

[Event "Olympiad-31"]
[Site "Moscow"]
[Date "1994.12.06"]
[Round "6.1"]
[White "Topalov, Veselin"]
[Black "Kasparov, Garry"]
[Result "1-0"]
[WhiteElo "2645"]
[BlackElo "2805"]
[Annotator "Speelman,J"]
[PlyCount "57"]
[EventDate "1994.12.01"]
[EventType "team-swiss"]
[EventRounds "14"]
[EventCountry "RUS"]
[SourceTitle "CBM 045"]
[Source "ChessBase"]
[SourceDate "1995.04.01"]
[SourceVersion "1"]
[SourceVersionDate "1995.04.01"]
[SourceQuality "1"]
[WhiteTeam "Bulgaria"]
[BlackTeam "Russia"]
[WhiteTeamCountry "BUL"]
[BlackTeamCountry "RUS"]

1. e4 {Boensch Ftacnik Dolmatov} c5 2. Nf3 d6 3. d4 cxd4 4. Nxd4 Nf6 5. Nc3 a6
6. Be3 e6 7. g4 h6 (7... e5 {Dolmatov} 8. Nf5 g6 $13 (8... g6 9. g5 gxf5 10.
exf5 $13)) 8. f4 (8. f3 {Dolmatov} b5 9. Qd2 Bb7 10. O-O-O Nbd7 11. a3 Rc8 $13)
(8. Qf3 {Boensch} Nbd7 9. Qh3 (9. Rg1 g5 $5 {x e5,f4} 10. O-O-O Ne5 11. Qe2 Bd7
12. f4 gxf4 13. Bxf4 Rc8 14. h3 Rxc3 15. bxc3 Qa5 16. Kb1 Qxc3 17. Rg3 Qc7 $44
{Kotronias,V-Van Wely,L Wijk Sonnevanck (03) 1992 1-0 41}) 9... Ne5 10. f3 Ng6
11. O-O-O b5 12. Qg2 b4 13. Nc6 Qc7 14. Nxb4 d5 15. Nd3 dxe4 16. fxe4 Bb7 17.
Be2 Rc8 $44 {Thorhallsson,T-Belotti,B Forli op (09) 1992 1/2 64}) (8. h4 {
Boensch} e5 9. Nf5 g6 10. Nxh6 Bxh6 11. Bxh6 Bxg4 12. Qd2 Nc6 13. Bg5 Nd4 14.
Bg2 Bf3 $15 {Richagov,M-Stohl,I Gausdal Arnold Cup (2) 1991 0-1 49}) (8. Bg2 {
Boensch} Nc6 9. Nxc6 (9. h3 Ne5 10. Qe2 g5 11. O-O Be7 12. Rad1 Qc7 13. f4 gxf4
14. Bxf4 b5 15. a3 Bb7 16. Nf3 Nfd7 17. Nxe5 {1/2-1/2 Stefansson,H-Akopian,V/
New York op (04) 1994}) 9... bxc6 10. e5 Nd5 11. Nxd5 cxd5 12. c4 dxe5 13. cxd5
Bb4+ 14. Kf1 O-O 15. a3 Bd6 16. dxe6 Bxe6 17. Bxa8 Qxa8 $44 {Stefansson,
H-Olafsson,H Reykjavik (09) 1992 1-0 48}) 8... Nc6 9. Be2 e5 10. Nf5 (10. Nxc6
{Dolmatov} bxc6 11. fxe5 dxe5 (11... Nxg4 $5 {Boensch} 12. Bxg4 Qh4+ 13. Bf2
Qxg4 14. exd6 Qg2 15. Rg1 Qxh2 $13) 12. Qxd8+ Kxd8 13. O-O-O+ Kc7 14. h3 Bb4) (
10. Nb3 $2 {Dolmatov} Nxg4 11. Bxg4 Qh4+ 12. Bf2 Qxg4 13. Nd5 Qxd1+ 14. Rxd1
Rb8 $17) 10... g6 11. Ng3 exf4 12. Bxf4 Be6 13. Rf1 (13. h3 {Dolmatov} Qb6 14.
Qd2) 13... Rc8 (13... Qb6 $5) (13... Qb6 $5 {Ftacnik}) 14. h3 Qb6 {Black seems
to obtain a comfortable position after the opening. White's g3 knight is quite
passive; his king is not safe enough both in the centre and on the Q-side.
However, Black's king is in danger too.} (14... d5 {Boensch} 15. e5 (15. exd5
Nxd5 16. Nxd5 Bxd5 $10) 15... Nh7 $1 $15) 15. Qd2 (15. Qc1 Nd4 16. Bd3 (16. Be3
$2 {Ftacnik} Nxc2+ 17. Qxc2 Qxe3 $17)) 15... Bg7 (15... Qxb2 16. Rb1 Qa3 17.
Rf3 $13 (17. Rxb7 $6 {Ftacnik} Na5 18. Nb5 axb5 19. Bxb5+ Nc6 $17) (17. Rf3 {
Boensch} Qa5 18. Rxb7 $13)) (15... Nd7 16. O-O-O Nde5 17. a3 (17. Be3 $10 {
Boensch}) 17... Na5 $40) 16. Bxd6 Nxg4 {The complication started with this
move prove rather favourable for White. Therefore 16...Nd4 17.Ba3 Rd8 deserved
serious attention.} (16... Nd4 {Dolmatov} 17. e5 $5 (17. Ba3 Rd8 18. Bd3 $14)
17... Qxb2 18. exf6 (18. Qxd4 {Ftacnik} Qxa1+ 19. Kd2 Qxc3+ 20. Qxc3 Rxc3 21.
Kxc3 (21. exf6 Bf8 22. Kxc3 Bxd6 $17) 21... Nd7 $17) 18... Qxa1+ 19. Kf2 Qxc3
20. Qxc3 Rxc3 21. fxg7 Rg8 22. Ne4 $18) (16... Nd7 17. O-O-O $13 (17. e5 {
Boensch} Ncxe5 18. O-O-O $13) (17. O-O-O Nb4 18. Bxb4 Qxb4 19. a3 Qb6 $36)) 17.
Bxg4 (17. Na4 {did not work in view of} Qd4 18. Bxg4 (18. Qxd4 {Dolmatov} Nxd4
19. Bxg4 Nxc2+ 20. Kf2 $132) 18... Qxd2+ 19. Kxd2 Bxg4 20. hxg4 Rd8) 17... Qxb2
(17... Bxg4 {Dolmatov} 18. Na4 (18. hxg4 $2 Qxb2 19. e5 (19. Rb1 Qxc3 (19...
Bxc3 $2 20. Rxb2 Bxd2+ 21. Kxd2 Rd8 22. Rf6 Ne5 23. Kc1 Nxg4 24. Rf4 Rxd6 25.
Rxg4 $16) 20. Rxb7 $13) 19... Nxe5) 18... Qb5 19. hxg4 Qxa4 20. Qd5 Qa5+ (20...
Nd8 $2 21. Rxf7 $18) 21. c3 Qxd5 22. exd5 Rd8 (22... Ne5 23. O-O-O $14 (23.
Bxe5 {Boensch} Bxe5 $10)) (22... Be5 $2 23. Ne4 $16) 23. Ne4 $14 (23. dxc6 $6
Rxd6 24. cxb7 Ke7)) 18. e5 $5 {This temporary rook sacritice allows White to
maintain the initiative.} (18. Nge2 $1 Qxa1+ 19. Kf2 Qb2 20. Rb1 $18) 18...
Nxe5 {This natural move is probably wrong. However, 18...Bxe5 19.Nge4! also
yielded White a strong attack. 18...Qxa1+? was poor in view of 19.Kf2 Qb2 20.
Rb1} (18... Bxg4 {Dolmatov} 19. Rb1 $18) (18... Bxe5 {Dolmatov} 19. Nge4 Qxa1+
20. Kf2 Qb2 (20... Bd4+ {Ftacnik} 21. Kg2 Qb2 22. Bxe6 fxe6 23. Rb1 $18) 21.
Rb1 $18 (21. Rb1 Bd4+ (21... Qxb1 $6 {Ftacnik} 22. Nxb1 Rd8 (22... f5 23. Bxe5
Nxe5 24. Nd6+ $18) 23. Bxe6 fxe6 24. c4 Bxd6 25. Nxd6+ Ke7 26. c5 $16) 22. Kg2
Qxb1 23. Nxb1 f5 24. Bf3 fxe4 25. Bxe4 Bf6 26. Bxg6+ Bf7 27. Qd5 $1 (27. Qe3+ {
Ftacnik} Ne7 28. Bxf7+ Kxf7 29. Qb3+ $14) 27... Bxg6 28. Qe6+ Kd8 29. Qxf6+ Kd7
30. Bg3 $40) (21. Bxe6 {Ftacnik} Bxc3 22. Bxf7+ Kxf7 23. Kg2+ Kg7 24. Nxc3 Rhd8
$17)) (18... Qxa1+ 19. Kf2 Qb2 20. Rb1 Qxb1 21. Nxb1 $16 (21. Nxb1 {Boensch}
Bxg4 22. hxg4 $16)) 19. Rb1 Qxc3 (19... Nc4 $1 {Boensch} 20. Rxb2 (20. Bxe6 $2
Bxc3 21. Bxf7+ Kd7 $19) 20... Nxd2 21. Bxe6 fxe6 (21... Bxc3 $2 22. Bxc8 Nxf1+
23. Kxf1 Bxb2 $16) 22. Rxb7 (22. Kxd2 Bxc3+ 23. Kc1 Bxb2+ 24. Kxb2 $13) 22...
Bxc3 23. Rff7 Ne4+ 24. Kd1 Nxd6 25. Rbe7+ Kd8 26. Rd7+ Ke8 $10) 20. Qxc3 Rxc3
21. Bxe6 fxe6 (21... Rxg3 22. Rxb7 (22. Bxf7+ {Ftacnik} Kd7 $1 (22... Nxf7 23.
Bxg3 $16) 23. Bxe5 Re3+ 24. Kd2 Rxe5 25. Bxg6 $14) 22... fxe6 23. Rxg7 (23.
Re7+ $1 Kd8 24. Rxg7 Rxh3 25. Ra7 Re3+ 26. Kd1 Re8 27. Bc5 Re4 28. Rf2 $16)
23... Rxh3 (23... Re3+ {Boensch} 24. Kd1 Nc4 25. Ra7 Nxd6 26. Ra8+ Kd7 27. Rxh8
Rxh3 $16) 24. Kf2 $1 $18) 22. Rxb7 Nc4 (22... Nd7 23. Ra7 Rc8 24. Ne4 Bd4 25.
Rxa6 $14) 23. Bb4 (23. Bc5 $5) 23... Re3+ (23... Rxg3 24. Rxg7 $16 (24. Rxg7 {
Boensch} Ne3 25. Rff7 Nxc2+ 26. Kf2 Rxh3 27. Ra7 $18)) 24. Ne2 Be5 25. Rff7
Rxh3 $2 {A decisive mistake. Black should have played} (25... Bd6 {, e.g.} 26.
Bxd6 (26. Rg7 $5 $16 {Dolmatov}) 26... Nxd6 27. Rfe7+ (27. Rbe7+ Kd8 28. Rd7+
Ke8 29. Rfe7+ Kf8 30. Kf2 (30. c4 $16 {Ftacnik})) 27... Kf8 {, and despite
White's clear advantage (practically an extra rook) Black still maintains some
chances. Now he loses at once.}) (25... a5 26. Bc5 Re4 27. Rfe7+ Kd8 28. Ra7
Kc8 29. Ra8+ Bb8 30. Ba7 $18) 26. Nd4 $1 Re3+ (26... Bxd4 27. Rfe7+ Kd8 28.
Rb8#) (26... Rh1+ {Boensch} 27. Ke2 Rh2+ 28. Kd3 $18) 27. Kf1 Re4 28. Rfe7+ Kd8
(28... Kf8 29. Nxe6+ Kg8 30. Re8#) 29. Nc6+ (29. Nc6+ Kc8 30. Na7+ Kd8 31.
Rbd7#) 1-0